Exploring marketing research
Uloženo v:
| Hlavní autor: | |
|---|---|
| Médium: | Kniha |
| Jazyk: | Undetermined |
| Vydáno: |
Mason, OH.
Thomson/South-Western
|
| Témata: | |
| Tagy: |
Přidat tag
Žádné tagy, Buďte první, kdo otaguje tento záznam!
|
| Thư viện lưu trữ: | Trung tâm Học liệu Trường Đại học Cần Thơ |
|---|
| LEADER | 00541nam a2200181Ia 4500 | ||
|---|---|---|---|
| 001 | CTU_129169 | ||
| 008 | 210402s9999 xx 000 0 und d | ||
| 020 | |c 2219000 | ||
| 082 | |a 658.83 | ||
| 082 | |b Z68 | ||
| 100 | |a Zikmund, William G. | ||
| 245 | 0 | |a Exploring marketing research | |
| 245 | 0 | |c William G. Zikmund and Barry J. Babin | |
| 260 | |a Mason, OH. | ||
| 260 | |b Thomson/South-Western | ||
| 650 | |a Marketing research.,Nghiên cứu tiếp thị | ||
| 904 | |i Minh | ||
| 980 | |a Trung tâm Học liệu Trường Đại học Cần Thơ | ||